000 00648nam a2200193Ia 4500
005 20250507130149.0
008 008 250505s9999 xx 000 0 eng d
037 _aDIS
040 _aEASL
_beng
_cEASL
041 _aeng
_2eng
084 _a0000150, SIN
_qEASL
100 _aSingh Vaishali
245 0 _aEconomic liberalization and development: A comparative study of foreign trade reforms in India and China Prof. Madhu Bhalla
260 _aIndia
_bUnivesity of Delhi. Social Sciences. East Asian Studies (Delhi India)
_c2011
300 _a104p
650 _aDiss
942 _cDIS
_h0000150, SIN
999 _c1318038
_d1318038